|
|
|
|
| LEADER |
01081aam a22003018a 4500 |
| 001 |
00031500 |
| 005 |
20171026081025.0 |
| 008 |
131217s2013 ||||||viesd |
| 020 |
# |
# |
|a 9786046805229
|c 250000
|
| 041 |
0 |
# |
|a vie
|
| 082 |
1 |
4 |
|a 959.78
|b V115H
|
| 245 |
1 |
0 |
|a Văn hóa người Việt vùng Tây Nam Bộ
|b khảo cứu
|c Nhiều tác giả; Trần Ngọc Thêm (ch.b)
|
| 260 |
# |
# |
|a TP. Hồ Chí Minh
|b Văn hóa - văn nghệ
|c 2013
|
| 300 |
# |
# |
|a 900 tr.
|b minh họa
|c 24 cm.
|
| 490 |
# |
# |
|a Tủ sách Văn hóa học Sài Gòn
|
| 653 |
# |
# |
|a Tây Nam Bộ
|
| 653 |
# |
# |
|a Con người
|
| 653 |
# |
# |
|a Tập quán
|
| 653 |
# |
# |
|a Đời sống
|
| 653 |
# |
# |
|a Xã hội
|
| 653 |
# |
# |
|a Văn minh
|
| 653 |
# |
# |
|a Việt Nam
|
| 700 |
1 |
# |
|a Trần, Ngọc Thêm
|e Chủ biên
|
| 852 |
# |
# |
|j KM.0016382
|j KD.0015142
|j KM.0016381
|
| 852 |
# |
# |
|b Kho đọc
|j KD.0015142
|
| 852 |
# |
# |
|b Kho mượn
|j KM.0016381, KM.0016382
|
| 910 |
|
|
|d 17/12/2013
|
| 980 |
# |
# |
|a Trung tâm Học liệu Lê Vũ Hùng, Trường Đại học Đồng Tháp
|